| LEADER |
01091nam0a2200241 450 |
| 001 |
16867901 |
| 010 |
|
|
|a 978-2-38671-065-0
|b br.
|d 19,9
|
| 100 |
|
|
|a 20250625d2025 u u0frey01 ba
|
| 101 |
1 |
|
|a fre
|c fre
|
| 102 |
|
|
|a FR
|
| 200 |
0 |
|
|a yeux d'Emily (Les)
|f Barbara Hinske
|g traduction Jeanne Heneug
|
| 207 |
|
1 |
|a
|
| 210 |
|
|
|a Limoges
|c Nisha et caetera
|d 2025
|
| 215 |
|
|
|a 1 vol. (395 p.)
|d 21 x 14 cm
|
| 225 |
1 |
|
|a Héroïnes
|
| 300 |
|
|
|a Traduit de l'américain,Traduit de l'américain
|
| 330 |
|
|
|a Emily Main mène une vie idéale jusqu'à ce qu'un accident la rende aveugle. Désespérée, elle doit réapprendre à vivre et rejoint une fondation pour malvoyants. Parallèlement, Garth, un labrador, suit une formation pour devenir chien-guide. De leur rencontre naît une forte complicité. Un récit alternant les points de vue d'Emily et de Garth.
|
| 676 |
|
|
|a 813
|
| 700 |
|
0 |
|a Hinske
|b Barbara
|4 70
|
| 702 |
|
0 |
|a Heneug
|b Jeanne
|4 730
|
| 900 |
|
|
|a Roman
|
| 901 |
|
|
|a Adultes
|
| 995 |
|
|
|a Médiathèque
|c Médiathèque
|f 00156009458993
|h 00156009458993
|k R HIN
|o p
|q a
|r az
|e Médiathèque
|